[Event "V4 Liptov 2017"]
[Site "?"]
[Date "2017.06.24"]
[Round "6.21"]
[White "Grimm, Balazs"]
[Black "Janecek, Miroslav"]
[Result "0-1"]
[BlackElo "1592"]
[WhiteElo "1737"]
[LiveChessVersion "1.4.8"]

1. e4 {[%clk 1:00:59]} c5 {[%clk 1:00:55]} 2. Nf3 {[%clk 1:01:24]} g6
{[%clk 1:01:19]} 3. d4 {[%clk 1:01:46]} cxd4 {[%clk 1:01:44]} 4. Nxd4
{[%clk 1:02:12]} Bg7 {[%clk 1:02:09]} 5. Nc3 {[%clk 1:02:31]} Nc6
{[%clk 1:02:34]} 6. Be3 {[%clk 1:02:53]} Nf6 {[%clk 1:02:56]} 7. Bc4
{[%clk 1:03:01]} O-O {[%clk 1:03:14]} 8. Bb3 {[%clk 1:03:28]} Ng4
{[%clk 1:02:42]} 9. Qd2 {[%clk 1:03:02]} Nxe3 {[%clk 1:02:19]} 10. fxe3
{[%clk 1:03:27]} d6 {[%clk 1:00:52]} 11. O-O-O {[%clk 1:03:31]} a6
{[%clk 0:59:47]} 12. Rdf1 {[%clk 1:02:40]} Na5 {[%clk 0:58:12]} 13. Nd5
{[%clk 1:01:18]} Nxb3+ {[%clk 0:57:43]} 14. Nxb3 {[%clk 1:01:42]} Be6
{[%clk 0:57:47]} 15. Nd4 {[%clk 1:01:24]} Rc8 {[%clk 0:53:30]} 16. Rf2
{[%clk 0:58:44]} Bxd5 {[%clk 0:50:31]} 17. exd5 {[%clk 0:58:02]} Qb6
{[%clk 0:46:47]} 18. Re1 {[%clk 0:57:15]} Bh6 {[%clk 0:42:25]} 19. Kb1
{[%clk 0:53:33]} Rc4 {[%clk 0:40:15]} 20. Qd3 {[%clk 0:51:45]} Bxe3
{[%clk 0:36:51]} 21. Qxe3 {[%clk 0:51:43]} Qxd4 {[%clk 0:37:04]} 22. Rfe2
{[%clk 0:51:31]} Qxe3 {[%clk 0:36:26]} 23. Rxe3 {[%clk 0:51:55]} Re8
{[%clk 0:34:52]} 24. Rxe7 {[%clk 0:51:50]} Rxe7 {[%clk 0:35:20]} 25. Rxe7
{[%clk 0:52:15]} Rd4 {[%clk 0:35:39]} 26. b3 {[%clk 0:52:37]} Rxd5
{[%clk 0:35:27]} 27. Re2 {[%clk 0:37:44]} Kf8 {[%clk 0:35:13]} 28. c4
{[%clk 0:37:53]} Re5 {[%clk 0:35:20]} 29. Rd2 {[%clk 0:38:07]} Ke7
{[%clk 0:35:41]} 30. Kc2 {[%clk 0:38:32]} f5 {[%clk 0:33:54]} 31. Kc3
{[%clk 0:38:08]} f4 {[%clk 0:33:15]} 32. Rf2 {[%clk 0:38:24]} g5 {[%clk 0:33:29]}
33. h4 {[%clk 0:38:40]} h6 {[%clk 0:33:05]} 34. b4 {[%clk 0:38:34]} b6
{[%clk 0:32:39]} 35. a4 {[%clk 0:38:56]} Ke6 {[%clk 0:31:41]} 36. Kd4
{[%clk 0:38:21]} Kf5 {[%clk 0:30:24]} 37. hxg5 {[%clk 0:38:06]} hxg5
{[%clk 0:30:39]} 38. g3 {[%clk 0:38:09]} Kg4 {[%clk 0:30:13]} 39. gxf4
{[%clk 0:38:29]} gxf4 {[%clk 0:30:41]} 40. Rh2 {[%clk 0:38:37]} Kg3
{[%clk 0:29:21]} 41. Rh8 {[%clk 0:38:48]} f3 {[%clk 0:29:05]} 42. c5
{[%clk 0:38:17]} bxc5+ {[%clk 0:28:58]} 43. bxc5 {[%clk 0:38:40]} Rxc5
{[%clk 0:29:16]} 44. Rg8+ {[%clk 0:37:45]} Kf2 {[%clk 0:29:29]} 45. Kd3
{[%clk 0:37:32]} Rd5+ {[%clk 0:28:50]} 0-1

[Event "V4 Liptov 2017"]
[Site "?"]
[Date "2017.06.24"]
[Round "6.22"]
[White "Gemsova, Tereza"]
[Black "Zlotov, Viktor"]
[Result "0-1"]
[BlackElo "1635"]
[WhiteElo "1435"]
[LiveChessVersion "1.4.8"]

1. e4 {[%clk 1:00:59]} c5 {[%clk 1:00:55]} 2. Nf3 {[%clk 1:01:22]} d6
{[%clk 1:01:19]} 3. d4 {[%clk 1:01:44]} cxd4 {[%clk 1:01:44]} 4. Nxd4
{[%clk 1:02:00]} Nf6 {[%clk 1:02:07]} 5. Nc3 {[%clk 1:02:23]} g6 {[%clk 1:02:32]}
6. Be3 {[%clk 1:02:17]} Bg7 {[%clk 1:02:52]} 7. Bd3 {[%clk 0:58:20]} Ng4
{[%clk 1:03:05]} 8. Bb5+ {[%clk 0:57:41]} Kf8 {[%clk 1:03:28]} 9. Qd2
{[%clk 0:56:35]} Nxe3 {[%clk 1:03:50]} 10. Qxe3 {[%clk 0:56:13]} h5
{[%clk 1:00:37]} 11. Nb3 {[%clk 0:50:19]} Nc6 {[%clk 0:58:37]} 12. O-O
{[%clk 0:48:56]} Bh6 {[%clk 0:55:03]} 13. Qe2 {[%clk 0:44:40]} Bg4
{[%clk 0:53:11]} 14. f3 {[%clk 0:44:43]} Bd7 {[%clk 0:50:40]} 15. Rad1
{[%clk 0:33:08]} Qb6+ 16. Kh1 {[%clk 0:33:14]} a6 {[%clk 0:45:31]} 17. Bc4
{[%clk 0:30:11]} Ne5 {[%clk 0:43:13]} 18. Nd5 {[%clk 0:27:59]} Qd8
{[%clk 0:43:13]} 19. Bd3 {[%clk 0:19:16]} Kg7 {[%clk 0:39:20]} 20. c4
{[%clk 0:18:02]} Nxd3 {[%clk 0:38:26]} 21. Qxd3 {[%clk 0:17:23]} Rc8
{[%clk 0:37:24]} 22. Rfe1 {[%clk 0:14:35]} Bc6 {[%clk 0:29:44]} 23. Qd4+
{[%clk 0:10:06]} e5 {[%clk 0:27:15]} 24. Qd3 {[%clk 0:09:26]} Bxd5
{[%clk 0:27:26]} 25. cxd5 {[%clk 0:08:14]} Qh4 {[%clk 0:26:28]} 26. Qf1
{[%clk 0:07:19]} Bf4 {[%clk 0:25:53]} 27. Qg1 {[%clk 0:07:38]} Qf6
{[%clk 0:24:49]} 28. g3 {[%clk 0:07:11]} Bg5 {[%clk 0:24:27]} 29. Qf2
{[%clk 0:07:15]} h4 {[%clk 0:24:27]} 30. Kg2 {[%clk 0:07:20]} Rh7
{[%clk 0:20:42]} 31. Rh1 {[%clk 0:06:58]} h3+ {[%clk 0:20:59]} 32. Kf1
{[%clk 0:06:59]} Rhh8 {[%clk 0:20:00]} 33. Qe2 {[%clk 0:07:19]} Rc7
{[%clk 0:18:26]} 34. Rb1 {[%clk 0:05:08]} Rhc8 {[%clk 0:18:44]} 35. Qd3
{[%clk 0:05:09]} Rc2 {[%clk 0:18:17]} 36. Ke1 {[%clk 0:04:38]} Qd8
{[%clk 0:18:06]} 37. Qf1 {[%clk 0:04:21]} Qb6 38. f4 {[%clk 0:04:02]} Qe3+
{[%clk 0:16:17]} 39. Kd1 {[%clk 0:04:06]} exf4 {[%clk 0:15:48]} 40. gxf4
{[%clk 0:03:59]} Bxf4 {[%clk 0:16:09]} 0-1

[Event "V4 Liptov 2017"]
[Site "?"]
[Date "2017.06.24"]
[Round "6.23"]
[White "Schmidt, Richard"]
[Black "Vavrinkova, Anna"]
[Result "1/2-1/2"]
[BlackElo "1485"]
[WhiteElo "1363"]
[LiveChessVersion "1.4.8"]

1. e4 {[%clk 1:00:50]} e5 {[%clk 1:00:40]} 2. Nf3 {[%clk 1:01:13]} Nf6
{[%clk 1:00:33]} 3. Nc3 {[%clk 1:00:35]} Bb4 {[%clk 1:00:12]} 4. a3
{[%clk 1:00:08]} Bxc3 {[%clk 0:59:13]} 5. dxc3 {[%clk 1:00:25]} O-O
{[%clk 0:59:09]} 6. Bd3 {[%clk 1:00:28]} Nc6 {[%clk 0:57:41]} 7. Bg5
{[%clk 1:00:29]} h6 {[%clk 0:56:12]} 8. Bh4 {[%clk 1:00:33]} d6 {[%clk 0:56:10]}
9. h3 {[%clk 1:00:45]} Be6 {[%clk 0:55:22]} 10. O-O {[%clk 1:00:45]} Re8
{[%clk 0:54:05]} 11. Bb5 {[%clk 1:00:19]} Bd7 {[%clk 0:53:10]} 12. Re1
{[%clk 0:59:15]} Qe7 {[%clk 0:51:01]} 13. Re3 {[%clk 0:57:05]} Kh8
{[%clk 0:45:27]} 14. Bxf6 {[%clk 0:56:53]} Qxf6 {[%clk 0:45:16]} 15. Nd2
{[%clk 0:57:05]} Rg8 {[%clk 0:44:03]} 16. Bc4 {[%clk 0:57:23]} Be6
{[%clk 0:43:10]} 17. Rf3 {[%clk 0:57:25]} Qg6 {[%clk 0:42:03]} 18. Bxe6
{[%clk 0:57:27]} Qxe6 {[%clk 0:41:56]} 19. Qe2 {[%clk 0:56:19]} Ne7
{[%clk 0:40:39]} 20. Re1 {[%clk 0:55:55]} Ng6 {[%clk 0:39:17]} 21. Qc4
{[%clk 0:55:43]} Qxc4 {[%clk 0:38:21]} 22. Nxc4 {[%clk 0:56:03]} f6
{[%clk 0:38:07]} 23. Rd3 {[%clk 0:54:47]} Nf4 {[%clk 0:35:58]} 24. Rdd1
{[%clk 0:55:00]} Rgf8 {[%clk 0:35:37]} 25. Ne3 {[%clk 0:55:19]} Rad8
{[%clk 0:35:10]} 26. Nd5 {[%clk 0:55:20]} Ne6 {[%clk 0:33:59]} 27. Ne7
{[%clk 0:51:38]} Kh7 {[%clk 0:33:18]} 28. Nf5 {[%clk 0:49:14]} Nf4
{[%clk 0:31:53]} 29. Ne3 {[%clk 0:48:23]} Rd7 {[%clk 0:31:20]} 30. Nd5
{[%clk 0:48:17]} Ne6 {[%clk 0:30:58]} 31. Ne3 {[%clk 0:47:22]} 1/2-1/2

[Event "V4 Liptov 2017"]
[Site "?"]
[Date "2017.06.24"]
[Round "6.24"]
[White "Janosova, Katerina Anna"]
[Black "Meszaros, Marta Mira"]
[Result "0-1"]
[BlackElo "1184"]
[WhiteElo "1334"]
[LiveChessVersion "1.4.8"]

1. e4 {[%clk 1:00:50]} c5 {[%clk 1:00:56]} 2. Nf3 {[%clk 1:01:05]} Nc6
{[%clk 1:01:20]} 3. Nc3 {[%clk 1:01:22]} g6 {[%clk 1:01:42]} 4. d4
{[%clk 1:01:32]} cxd4 {[%clk 1:02:06]} 5. Nxd4 {[%clk 1:01:46]} Bg7
{[%clk 1:02:27]} 6. Be3 {[%clk 0:59:22]} Nf6 {[%clk 1:02:43]} 7. Bb5
{[%clk 0:57:26]} O-O {[%clk 1:03:01]} 8. O-O {[%clk 0:53:37]} Nxd4
{[%clk 1:00:53]} 9. Bxd4 {[%clk 0:51:46]} d6 {[%clk 0:59:42]} 10. e5
{[%clk 0:51:03]} Ng4 {[%clk 0:58:01]} 11. exd6 {[%clk 0:49:24]} Qxd6
{[%clk 0:58:19]} 12. g3 {[%clk 0:40:34]} Qxd4 {[%clk 0:58:04]} 13. Qe2
{[%clk 0:39:54]} Qe5 {[%clk 0:56:12]} 14. Qf3 {[%clk 0:39:03]} Qc5
{[%clk 0:50:42]} 15. Bd3 {[%clk 0:37:54]} Bxc3 {[%clk 0:47:07]} 16. bxc3
{[%clk 0:37:33]} Qxc3 {[%clk 0:47:28]} 17. Qe4 {[%clk 0:37:13]} Qe5
{[%clk 0:41:37]} 18. Qf3 {[%clk 0:36:44]} Rb8 {[%clk 0:40:52]} 19. Rfe1
{[%clk 0:36:21]} Qd4 {[%clk 0:33:10]} 20. Rad1 {[%clk 0:35:39]} Qc5
{[%clk 0:32:13]} 21. Be2 {[%clk 0:33:42]} Nf6 {[%clk 0:31:30]} 22. Qf4
{[%clk 0:32:58]} Be6 {[%clk 0:29:32]} 23. Bd3 {[%clk 0:32:15]} Bxa2
{[%clk 0:28:42]} 24. Re5 {[%clk 0:31:49]} Qd6 {[%clk 0:27:05]} 25. Be2
{[%clk 0:31:03]} Qc7 {[%clk 0:23:42]} 26. Bf3 {[%clk 0:27:21]} Be6
{[%clk 0:22:22]} 27. Qg5 {[%clk 0:25:56]} Qxc2 {[%clk 0:20:17]} 28. Rc5
{[%clk 0:25:47]} Qb3 {[%clk 0:19:48]} 29. Be2 {[%clk 0:25:56]} Ne4 0-1